书目信息 |
| 题名: |
中国文化与世界文化
|
|
| 作者: | 许倬云 著 | |
| 分册: | ||
| 出版信息: | 西安 陕西人民出版社 1991.04 |
|
| 页数: | 246页 | |
| 开本: | 32开 | |
| 丛书名: | ||
| 单 册: | ||
| 中图分类: | G119 | |
| 科图分类: | ||
| 主题词: | 文化事业--世界 | |
| 电子资源: | ||
| ISBN: | 7-224-02230-6 | |
| 000 | 00565nam0 2200193 45 | |
| 001 | 0001151503 | |
| 005 | 20000115150244.6 | |
| 010 | @a7-224-02230-6@d12.80元 | |
| 100 | @a20000115d1991 km y0chiy0120 ea | |
| 101 | 0 | @achi |
| 105 | @a z 000yy | |
| 200 | 1 | @a中国文化与世界文化@AZhong Guo Wen Hua Yu Shi Jie Wen Hua@f(美)许倬云著@F(Mei)Xu Zhuo Yun Zhu |
| 210 | @a西安@c陕西人民出版社@d1991.04 | |
| 215 | @a246页@d32开 | |
| 606 | 0 | @a文化事业@x世界 |
| 690 | @aG119@v3 | |
| 701 | 0 | @a许倬云@4著 |
| 801 | @aCN@bPftUser@c20000115 | |
| 905 | @b403191-193@dG119@eX931@f3 | |
| 中国文化与世界文化/(美)许倬云著.-西安:陕西人民出版社,1991.04 |
| 246页;32开 |
| ISBN 7-224-02230-6:12.80元 |
| ● |
| 相关链接 |
|
|
|
正题名:中国文化与世界文化
索取号:G119/X931
 
预约/预借
| 序号 | 登录号 | 条形码 | 馆藏地/架位号 | 状态 | 备注 |
| 1 | 403193 | 204031939 | 社科库409/409社科库 56排1列2层/ [索取号:G119/X931] | 在馆 |